Biggest Trading Partners - United Arab Emirates - Statistics

General Stats
  • This quiz has been taken 50 times
  • The average score is 20 of 23
Answer Stats
Exports Imports Country % Correct
9.30 bil 77.4 bil China
100%
8.58 bil France
97%
25.0 bil 30.4 bil India
97%
8.82 bil United Kingdom
97%
13.5 bil 26.9 bil United States
97%
4.52 bil Egypt
95%
11.3 bil Germany
95%
5.79 bil Iran
95%
4.26 bil Pakistan
95%
4.49 bil 6.45 bil Russia
95%
29.5 bil 7.87 bil Saudi Arabia
95%
18.7 bil 17.7 bil Turkey
95%
10.1 bil Italy
92%
15.2 bil Japan
92%
11.0 bil Oman
92%
22.7 bil 5.65 bil Iraq
90%
7.89 bil Qatar
90%
4.68 bil Bahrain
85%
9.90 bil Kuwait
85%
11.1 bil 11.2 bil Switzerland
77%
11.1 bil Vietnam
77%
5.55 bil Thailand
69%
9.05 bil Guinea
5%
No matching quizzes found
Score Distribution
Percent of People with Each Score
Percentile by Number Answered
Your Score History
You have not taken this quiz